[Event "Baden Wuerttemberg-ch Seniors 50+ op"]
[Site "Freudenstadt"]
[Date "2019.07.07"]
[Round "3"]
[White "Tscharotschkin, Michael"]
[Black "Azimi, Reza"]
[Result "1/2-1/2"]
[WhiteElo "2187"]
[BlackElo "2098"]
[PlyCount "32"]
[EventDate "2019.07.05"]
[EventType "swiss"]
[EventRounds "9"]
[EventCountry "GER"]
[SourceTitle "EXT 2020"]
[Source "ChessBase"]
[SourceDate "2019.10.17"]
[SourceVersion "1"]
[SourceVersionDate "2019.10.17"]
[SourceQuality "1"]

1. e4 e6 2. Nf3 d5 3. e5 c5 4. b4 cxb4 5. a3 Qb6 6. axb4 Bxb4 7. c3 Bf8 8. d4 Ne7 9. Bd3 Nbc6 10. 0-0 Bd7 11. Ba3 Ng6 12. Ng5 Be7 13. Qh5 Bxg5 14. Qxg5 Qd8 15. Qe3 Nce7 16. f4 Nf5 1/2-1/2

[Event "Heusenstamm Sparkassen op-A 5th"]
[Site "Heusenstamm"]
[Date "2018.11.25"]
[Round "6"]
[White "Azimi, Reza"]
[Black "Wolf, Ulrich Martin"]
[Result "0-1"]
[WhiteElo "2028"]
[BlackElo "2221"]
[PlyCount "80"]
[EventDate "2018.11.22"]
[EventType "swiss"]
[EventRounds "7"]
[EventCountry "GER"]
[SourceTitle "CBM 188 Extra"]
[Source "ChessBase"]
[SourceDate "2019.02.28"]
[SourceVersion "1"]
[SourceVersionDate "2019.02.28"]
[SourceQuality "1"]

1. e4 c5 2. a3 e6 3. b4 d5 4. exd5 cxb4 5. Nf3 exd5 6. Bb5+ Nc6 7. 0-0 Nf6 8. Re1+ Be7 9. Qe2 Bg4 10. Bb2 Bxf3 11. gxf3 Kf8 12. axb4 Bd6 13. Bxc6 bxc6 14. Be5 Bxb4 15. Qa6 Qd7 16. Ra4 Be7 17. d4 h5 18. Re3 Rh6 19. Kf1 Rg6 20. Rb3 Ne8 21. Qb7 Qf5 22. Rc3 Rd8 23. Rxa7 Re6 24. Nd2 f6 25. f4 fxe5 26. fxe5 Kg8 27. Rxc6 Bh4 28. f3 Re7 29. Qb6 Rxa7 30. Qxa7 Qf4 31. Ke2 Qxh2+ 32. Kd3 Be1 33. Nb3 Qf2 34. c4 Qxf3+ 35. Kc2 dxc4 36. Na5 Qe2+ 37. Kb1 Bxa5 38. Qxa5 Rxd4 39. Rd6 Nxd6 40. Qd8+ Kh7 0-1

[Event "Deizisau op 13th"]
[Site "Deizisau"]
[Date "2018.10.29"]
[Round "7"]
[White "Mooser, Nicolas"]
[Black "Azimi, Reza"]
[Result "1/2-1/2"]
[WhiteElo "1849"]
[BlackElo "2037"]
[PlyCount "103"]
[EventDate "2018.10.26"]
[EventType "swiss"]
[EventRounds "7"]
[EventCountry "GER"]
[SourceTitle "CBM 187 Extra"]
[Source "ChessBase"]
[SourceDate "2018.11.04"]
[SourceVersion "1"]
[SourceVersionDate "2018.11.04"]
[SourceQuality "1"]

1. d4 Nf6 2. c4 e6 3. Nf3 d5 4. g3 dxc4 5. Qa4+ Bd7 6. Qxc4 a6 7. Bg2 b5 8. Qc2 Bc6 9. 0-0 Be4 10. Qb3 c5 11. dxc5 Bxc5 12. Be3 Nbd7 13. Bxc5 Nxc5 14. Qb4 Qb6 15. Nc3 Nd5 16. Nxd5 Bxd5 17. Rac1 Rc8 18. Rc3 0-0 19. Rfc1 a5 20. Qd4 Bxf3 21. Bxf3 Na4 22. Qxb6 Nxb6 23. Rc6 Rxc6 24. Rxc6 Rb8 25. b3 b4 26. Rc5 a4 27. Rb5 axb3 28. axb3 Nd7 29. Ra5 g6 30. Kg2 Kg7 31. Bc6 Nf6 32. Rb5 Rxb5 33. Bxb5 Ne4 34. f3 Nd2 35. Ba4 Kf6 36. Kf2 Ke5 37. e3 Kd5 38. Ke2 Nb1 39. Kd3 Nc3 40. e4+ Kc5 41. Be8 f6 42. h4 e5 43. g4 g5 44. h5 h6 45. Bf7 Nb5 46. Ke3 Nd4 47. Bg8 Nc2+ 48. Kd3 Na3 49. Bf7 Nb5 50. Ke3 Nc3 51. Bg8 Nd1+ 52. Kd3 1/2-1/2

[Event "Deizisau op 13th"]
[Site "Deizisau"]
[Date "2018.10.28"]
[Round "5"]
[White "Azimi, Reza"]
[Black "Ruppert, Wolfgang"]
[Result "0-1"]
[WhiteElo "2037"]
[BlackElo "2154"]
[PlyCount "92"]
[EventDate "2018.10.26"]
[EventType "swiss"]
[EventRounds "7"]
[EventCountry "GER"]
[SourceTitle "CBM 187 Extra"]
[Source "ChessBase"]
[SourceDate "2018.11.04"]
[SourceVersion "1"]
[SourceVersionDate "2018.11.04"]
[SourceQuality "1"]

1. c4 f5 2. g3 Nf6 3. Bg2 g6 4. b4 Bg7 5. Bb2 0-0 6. Nh3 d6 7. d4 e5 8. dxe5 Ng4 9. Nf4 Nxe5 10. Qb3 c6 11. h4 Qf6 12. Nc3 Be6 13. Ncd5 cxd5 14. Nxe6 dxc4 15. Qxc4 Nxc4 16. Bxf6 Rxf6 17. Nc7 Rf7 18. Nxa8 Bc3+ 19. Kd1 Bxa1 20. Kc2 Bf6 21. Bd5 Ne5 22. Nc7 Nbc6 23. Bxf7+ Kxf7 24. Nd5 Ke6 25. Nf4+ Kd7 26. Rb1 b5 27. e3 Nc4 28. Rb3 N6e5 29. Nd5 Bg7 30. Nc3 Kc6 31. a4 a6 32. axb5+ axb5 33. Ne2 Ng4 34. Nd4+ Bxd4 35. exd4 Nxf2 36. Rf3 Ne4 37. Kd3 h5 38. Rf1 Nxg3 39. Ra1 Kd5 40. Ra8 f4 41. Rg8 f3 42. Rf8 Nf5 43. Rb8 Nxd4 44. Rg8 f2 45. Rf8 Ne5+ 46. Kd2 Nef3+ 0-1

[Event "Forchheim op 17th"]
[Site "Forchheim"]
[Date "2018.09.22"]
[Round "3"]
[White "Tschernatsch, Johannes"]
[Black "Azimi, Reza"]
[Result "1-0"]
[WhiteElo "1801"]
[BlackElo "2037"]
[PlyCount "111"]
[EventDate "2018.09.21"]
[EventType "swiss"]
[EventRounds "5"]
[EventCountry "GER"]
[SourceTitle "EXT 2019"]
[Source "ChessBase"]
[SourceDate "2018.10.10"]
[SourceVersion "1"]
[SourceVersionDate "2018.10.10"]
[SourceQuality "1"]

1. e4 a6 2. d4 b5 3. Nf3 Bb7 4. Bd3 e6 5. Be3 Nf6 6. Nbd2 d6 7. 0-0 Nbd7 8. c3 e5 9. a4 Be7 10. axb5 axb5 11. dxe5 dxe5 12. Bxb5 0-0 13. Bxd7 Qxd7 14. Nxe5 Qe6 15. Rxa8 Bxa8 16. Nef3 Nxe4 17. Nd4 Qg6 18. N2f3 Rd8 19. Qb3 Bd6 20. Rd1 Nc5 21. Qc2 Be4 22. Qe2 Bd3 23. Qd2 Be4 24. Qe2 Bd3 25. Qd2 Ba6 26. Nc6 Rf8 27. Bf4 Nd3 28. Nfe5 Qe4 29. Nxd3 Qxc6 30. Bxd6 Qxd6 31. Nb4 Qxd2 32. Rxd2 Re8 33. f3 Bc8 34. Nd5 c6 35. Nc7 Rf8 36. Re2 Bd7 37. Na6 Be6 38. Nc5 Bd5 39. b3 f6 40. c4 Bf7 41. Re7 Rc8 42. Kf2 Kf8 43. Rb7 g5 44. Ne4 Ra8 45. Nxf6 Ra2+ 46. Kg3 h6 47. Nd7+ Ke8 48. Ne5 Be6 49. Nxc6 Bf5 50. Nd4 Bc8 51. Rh7 Rd2 52. Nc6 Rd6 53. Rh8+ Kd7 54. Ne5+ Kc7 55. c5 Rf6 56. b4 1-0

[Event "Regionalliga Sued-West 1718"]
[Site "Bayern"]
[Date "2017.12.10"]
[Round "4.7"]
[White "Azimi, Reza"]
[Black "Tibitanzl, Thomas"]
[Result "1-0"]
[WhiteElo "2022"]
[BlackElo "1962"]
[PlyCount "73"]
[EventDate "2017.10.22"]
[EventType "team-tourn"]
[EventRounds "9"]
[EventCountry "GER"]
[SourceTitle "EXT 2022"]
[Source "ChessBase"]
[SourceDate "2021.10.06"]
[SourceVersion "1"]
[SourceVersionDate "2021.10.06"]
[SourceQuality "1"]
[WhiteTeam "Muenchen SC II"]
[BlackTeam "Zugzwang MSA II"]
[WhiteTeamCountry "GER"]
[BlackTeamCountry "GER"]

1. c4 c6 2. d4 d5 3. Nc3 Nf6 4. Nf3 a6 5. e3 Bf5 6. Ne5 e6 7. g4 Bg6 8. h4 dxc4 9. Bxc4 Ne4 10. f3 Nd6 11. h5 f6 12. Nxg6 hxg6 13. Bxe6 gxh5 14. Qd3 Qe7 15. Qg6+ Kd8 16. Bb3 Rh6 17. Qd3 hxg4 18. Rxh6 gxh6 19. fxg4 f5 20. gxf5 Qh4+ 21. Kd2 Qf2+ 22. Ne2 Nxf5 23. Kc3 a5 24. a3 Bb4+ 25. Kc2 Be7 26. Bd2 Bg5 27. e4 Ne3+ 28. Bxe3 Bxe3 29. d5 c5 30. Rd1 Nd7 31. Kb1 Rc8 32. Qb5 b6 33. Ba4 Rc7 34. Ka1 Kc8 35. d6 Rb7 36. Qa6 c4 37. Bxd7+ 1-0

[Event "Arber op 6th"]
[Site "Bodenmais"]
[Date "2017.08.06"]
[Round "9"]
[White "Schuetzhold, Frank"]
[Black "Azimi, Reza"]
[Result "1/2-1/2"]
[WhiteElo "1891"]
[BlackElo "2032"]
[PlyCount "162"]
[EventDate "2017.07.29"]
[EventType "swiss"]
[EventRounds "9"]
[EventCountry "GER"]
[SourceTitle "EXT 2018"]
[Source "ChessBase"]
[SourceDate "2017.10.13"]
[SourceVersion "1"]
[SourceVersionDate "2017.10.13"]
[SourceQuality "1"]

1. b3 c5 2. Bb2 Nc6 3. f4 d5 4. e3 Nf6 5. Bb5 Qb6 6. Qe2 a6 7. Bxc6+ Qxc6 8. Nf3 Bg4 9. h3 Bxf3 10. Qxf3 e6 11. d3 Be7 12. c4 0-0 13. 0-0 b5 14. Nd2 Qd7 15. Rad1 a5 16. e4 Rfd8 17. e5 Ne8 18. Qe2 a4 19. Nf3 axb3 20. axb3 Ra2 21. Ra1 Rda8 22. Rxa2 Rxa2 23. Ra1 Qa7 24. Rxa2 Qxa2 25. Qc2 Nc7 26. Nd2 f6 27. Qb1 Qa5 28. Qc1 Kf7 29. Bc3 Qa7 30. Nf3 dxc4 31. dxc4 bxc4 32. bxc4 Qa2 33. Nd2 Na6 34. Qb2 Qxb2 35. Bxb2 Nb4 36. exf6 gxf6 37. g3 Nd3 38. Ba3 f5 39. Kg2 e5 40. fxe5 Ke6 41. Kf3 Nxe5+ 42. Kf4 h6 43. h4 Bd6 44. Ke3 h5 45. Kf2 Bf8 46. Nb3 Nxc4 47. Bxc5 Bg7 48. Nd4+ Bxd4+ 49. Bxd4 Kd5 50. Bf6 Ke4 51. Bg5 Ne5 52. Kg2 Ng4 53. Bc1 Ne3+ 54. Kf2 Nd1+ 55. Ke2 Nc3+ 56. Kf2 Nd5 57. Bg5 Nb4 58. Bh6 Nd3+ 59. Kg2 Ne1+ 60. Kf2 Nf3 61. Bc1 Ne5 62. Kg2 Kd3 63. Bf4 Nc6 64. Kf2 Ke4 65. Bc1 Ne5 66. Kg2 Nd7 67. Kf2 Nb8 68. Ke2 Na6 69. Ba3 Nc7 70. Bc1 Nd5 71. Kf2 f4 72. gxf4 Nxf4 73. Bxf4 Kxf4 74. Kg2 Kg4 75. Kh2 Kxh4 76. Kg2 Kg4 77. Kh2 h4 78. Kg2 h3+ 79. Kh2 Kh4 80. Kg1 Kg3 81. Kh1 h2 1/2-1/2

[Event "Arber op 6th"]
[Site "Bodenmais"]
[Date "2017.08.05"]
[Round "8"]
[White "Azimi, Reza"]
[Black "Reuter, Roland"]
[Result "0-1"]
[WhiteElo "2032"]
[BlackElo "1960"]
[PlyCount "118"]
[EventDate "2017.07.29"]
[EventType "swiss"]
[EventRounds "9"]
[EventCountry "GER"]
[SourceTitle "EXT 2018"]
[Source "ChessBase"]
[SourceDate "2017.10.13"]
[SourceVersion "1"]
[SourceVersionDate "2017.10.13"]
[SourceQuality "1"]

1. e4 c5 2. Nf3 Nc6 3. d4 cxd4 4. Nxd4 Nf6 5. Nc3 g6 6. Nxc6 bxc6 7. e5 Ng8 8. Bc4 d5 9. exd6 Qxd6 10. Qe2 Nf6 11. Bg5 Bg7 12. Rd1 Qb4 13. Bb3 0-0 14. 0-0 Bf5 15. a3 Qb7 16. Rfe1 Rfe8 17. Rd2 Qc7 18. Qc4 Be6 19. Qh4 Bxb3 20. cxb3 Rad8 21. Rde2 Rd3 22. Qc4 Rd7 23. Bf4 Qb7 24. Na4 Qb5 25. Nc3 Qb7 26. Be5 e6 27. Qh4 Nd5 28. Bxg7 Kxg7 29. Ne4 Qb5 30. b4 h6 31. Nc5 Rde7 32. Qd4+ Kh7 33. h4 Qb8 34. h5 Qf4 35. hxg6+ fxg6 36. Re4 Qf5 37. Re5 Qf7 38. Qe4 Nf6 39. Qe2 Nd5 40. Nxe6 Qf6 41. g3 h5 42. Ng5+ Qxg5 43. Rxg5 Rxe2 44. Rc1 Re1+ 45. Rxe1 Rxe1+ 46. Kg2 Kg7 47. b5 Kf6 48. f4 Ne7 49. bxc6 Nxc6 50. b4 Re2+ 51. Kf1 Ra2 52. Rc5 Nd4 53. Ra5 Nc2 54. a4 Nxb4 55. Rxa7 Kf5 56. Ra5+ Ke4 57. Rg5 Kf3 58. Ke1 Nd3+ 59. Kd1 Ke3 0-1

[Event "Arber op 6th"]
[Site "Bodenmais"]
[Date "2017.08.01"]
[Round "4"]
[White "Azimi, Reza"]
[Black "Schmitz, Tim"]
[Result "1-0"]
[WhiteElo "2032"]
[BlackElo "1838"]
[PlyCount "143"]
[EventDate "2017.07.29"]
[EventType "swiss"]
[EventRounds "9"]
[EventCountry "GER"]
[SourceTitle "CBM 179 Extra"]
[Source "ChessBase"]
[SourceDate "2017.08.23"]
[SourceVersion "1"]
[SourceVersionDate "2017.08.23"]
[SourceQuality "1"]

1. e4 c5 2. Nf3 d6 3. d4 cxd4 4. Nxd4 Nf6 5. Nc3 a6 6. Bc4 e6 7. Bb3 Nbd7 8. Be3 Nc5 9. f3 Be7 10. Qd2 Qc7 11. g4 b5 12. 0-0-0 Bb7 13. Kb1 0-0-0 14. a4 bxa4 15. Nxa4 Nfd7 16. Rc1 Nxa4 17. Bxa4 Nc5 18. Bb3 Kb8 19. c4 h5 20. g5 h4 21. Bd1 e5 22. Nf5 g6 23. Nh6 Rhf8 24. b4 Ne6 25. Ng4 f5 26. gxf6 Bxf6 27. Be2 Nf4 28. Bxf4 exf4 29. Nxf6 Rxf6 30. Qd4 Re6 31. Rhd1 Ree8 32. Bf1 a5 33. bxa5 Qxa5 34. Rc2 Qc5 35. Rb2 Qxd4 36. Rxd4 Kc7 37. Rg2 Rg8 38. Rg5 Rb8 39. Kc2 Bc6 40. c5 Rbd8 41. Bc4 Rg7 42. Kc3 Be8 43. cxd6+ Rxd6 44. Ra5 Rxd4 45. Kxd4 Kd6 46. Ra6+ Ke7 47. Ke5 g5 48. Be6 Bh5 49. Ra3 Rg6 50. Ra7+ Kf8 51. Kf5 Rg7 52. Ra3 Ke7 53. h3 Kd6 54. e5+ Kc5 55. Ke4 Re7 56. Bf5 Bf7 57. Rc3+ Kb6 58. Rd3 Kc7 59. Rc3+ Kb6 60. Rc8 Ba2 61. Rb8+ Kc7 62. Rb2 Bf7 63. Rd2 Kc6 64. Rd6+ Kc5 65. Rd3 Ba2 66. Rc3+ Kb4 67. Rc1 Kb3 68. e6 Kb4 69. Ke5 Bc4 70. Rxc4+ Kxc4 71. Kf6 Ra7 72. e7 1-0

[Event "Regionalliga SW 1617"]
[Site "Bayern"]
[Date "2016.10.16"]
[Round "1.8"]
[White "Gulde, Josef"]
[Black "Azimi, Reza"]
[Result "1/2-1/2"]
[WhiteElo "1780"]
[BlackElo "2007"]
[PlyCount "92"]
[EventDate "2016.10.16"]
[EventType "team-tourn"]
[EventRounds "9"]
[EventCountry "GER"]
[SourceTitle "EXT 2019"]
[Source "ChessBase"]
[SourceDate "2018.10.10"]
[SourceVersion "1"]
[SourceVersionDate "2018.10.10"]
[SourceQuality "1"]
[WhiteTeam "Krumbach"]
[BlackTeam "Muenchen 36 II"]
[WhiteTeamCountry "GER"]
[BlackTeamCountry "GER"]

1. d4 Nf6 2. Bg5 Ne4 3. h4 d5 4. e3 c5 5. Nd2 Nxg5 6. hxg5 Nc6 7. Ngf3 Bg4 8. c3 cxd4 9. exd4 e6 10. Qa4 Bd6 11. Bd3 Bf4 12. g6 h6 13. gxf7+ Kxf7 14. g3 Bxd2+ 15. Nxd2 Re8 16. Qc2 Bf5 17. 0-0 Qf6 18. Bxf5 Qxf5 19. Qxf5+ exf5 20. Rae1 g5 21. f4 g4 22. Kf2 Rxe1 23. Rxe1 Re8 24. Rxe8 Kxe8 25. Ke3 Kd7 26. b3 Ke6 27. Kd3 h5 28. a3 Ne7 29. c4 Ng6 30. Ke3 h4 31. gxh4 Nxh4 32. Kf2 Kd6 33. Kg3 Ng6 34. Nf1 Ne7 35. Ne3 Ke6 36. Nc2 Nc6 37. c5 Na5 38. Na1 a6 39. Kf2 Kf6 40. a4 Ke6 41. Ke2 Kd7 42. b4 Nc4 43. b5 axb5 44. axb5 Na3 45. b6 Nc4 46. Nc2 Na5 1/2-1/2

[Event "Landesliga Sued 1415"]
[Site "Bayern"]
[Date "2015.03.15"]
[Round "8.6"]
[White "Lipinsky, Markus"]
[Black "Azimi, Reza"]
[Result "1/2-1/2"]
[WhiteElo "2042"]
[BlackElo "2027"]
[PlyCount "52"]
[EventDate "2014.10.19"]
[EventType "team-tourn"]
[EventRounds "9"]
[EventCountry "GER"]
[SourceTitle "EXT 2018"]
[Source "ChessBase"]
[SourceDate "2017.10.13"]
[SourceVersion "1"]
[SourceVersionDate "2017.10.13"]
[SourceQuality "1"]
[WhiteTeam "Muenchen Tarrasch"]
[BlackTeam "Muenchen 36"]
[WhiteTeamCountry "GER"]
[BlackTeamCountry "GER"]

1. d4 Nf6 2. c4 e6 3. Nf3 b6 4. g3 Ba6 5. Qc2 d5 6. cxd5 exd5 7. Bg2 Bd6 8. 0-0 0-0 9. Nh4 Re8 10. Re1 Bb7 11. Nc3 a6 12. Bg5 c6 13. Rad1 h6 14. Bc1 Nbd7 15. Nf5 Bf8 16. Bf4 Rc8 17. Nd6 Bxd6 18. Bxd6 Re6 19. Ba3 Qc7 20. Bh3 Ree8 21. Bg2 Re6 22. Bh3 Ree8 23. Bg2 Re6 24. Rd2 a5 25. Rc1 Qb8 26. e3 b5 1/2-1/2

[Event "Munich-ch MK op"]
[Site "Munich"]
[Date "2013.01.11"]
[Round "1"]
[White "Azimi, Reza"]
[Black "Schulz, Michael2"]
[Result "0-1"]
[WhiteElo "1950"]
[BlackElo "2078"]
[PlyCount "68"]
[EventDate "2013.01.11"]
[EventType "swiss"]
[EventRounds "7"]
[EventCountry "GER"]
[SourceTitle "EXT 2015"]
[Source "ChessBase"]
[SourceDate "2014.11.20"]
[SourceVersion "1"]
[SourceVersionDate "2014.11.20"]
[SourceQuality "1"]

1. e4 e6 2. d3 d5 3. Qe2 Nf6 4. Nf3 Be7 5. g3 b6 6. Bg2 dxe4 7. dxe4 Ba6 8. c4 Nc6 9. 0-0 0-0 10. e5 Nd7 11. Rd1 Qe8 12. Nc3 Nc5 13. Rb1 Bb7 14. b4 Nd7 15. a3 a6 16. Bf4 a5 17. Nb5 Qc8 18. Nfd4 Nxd4 19. Rxd4 Bxg2 20. Kxg2 axb4 21. axb4 Nb8 22. Qf3 Ra4 23. Bd2 c5 24. Qb3 cxd4 25. Qxa4 Qxc4 26. Kg1 Qe2 27. Bf4 g5 28. Bc1 Nc6 29. Nd6 Nxe5 30. Qb5 Qd1+ 31. Kg2 Bxd6 32. Qxb6 Qf3+ 33. Kg1 Qd5 34. Bb2 Nf3+ 0-1

[Event "Leverkusen Bayer op 10th"]
[Site "Leverkusen"]
[Date "2012.02.22"]
[Round "4"]
[White "Weber, Jakob Martin"]
[Black "Azimi, Reza"]
[Result "1-0"]
[WhiteElo "1224"]
[BlackElo "1455"]
[PlyCount "120"]
[EventDate "2012.01.11"]
[EventType "swiss"]
[EventRounds "7"]
[EventCountry "GER"]
[SourceTitle "EXT 2014"]
[Source "ChessBase"]
[SourceDate "2013.11.20"]
[SourceVersion "1"]
[SourceVersionDate "2013.11.20"]
[SourceQuality "1"]

1. e4 c5 2. Nf3 d6 3. Nc3 a6 4. d4 cxd4 5. Nxd4 e6 6. Be3 Bd7 7. Bc4 Nc6 8. 0-0 Rc8 9. Nxc6 Bxc6 10. Bd4 Bxe4 11. Bxe6 Rxc3 12. Bxf7+ Kxf7 13. Bxc3 Nf6 14. Re1 d5 15. Qd2 Bc5 16. Bxf6 Qxf6 17. Rxe4 dxe4 18. Qd5+ Qe6 19. Qxc5 Rc8 20. Qh5+ Kg8 21. Qe2 Re8 22. b3 Kh8 23. Re1 h6 24. Qe3 Qc6 25. c4 b5 26. Qd4 bxc4 27. Qxc4 Qg6 28. Qe2 a5 29. Qb5 Ra8 30. Qb7 Re8 31. Qd5 Rc8 32. Qxa5 Rc2 33. h3 Qf6 34. Qa8+ Kh7 35. Qxe4+ Qg6 36. Qxg6+ Kxg6 37. Ra1 Kf5 38. a4 Ke5 39. Kf1 Rc8 40. Ke2 Kd4 41. Kd2 Rb8 42. Ra3 Kc5 43. Kc3 Re8 44. a5 Kb5 45. a6 Ra8 46. b4 Kb6 47. a7 g5 48. Kc4 Kb7 49. b5 Rc8+ 50. Kb4 Ka8 51. b6 Rf8 52. b7+ Kxb7 53. a8Q+ Rxa8 54. Rxa8 Kxa8 55. Kc5 Kb7 56. Kd6 Kc8 57. Ke6 Kd8 58. Kf6 Ke8 59. Kg6 Ke7 60. Kxh6 Kf6 1-0

[Event "Leverkusen Bayer op 10th"]
[Site "Leverkusen"]
[Date "2012.01.11"]
[Round "1"]
[White "Azimi, Reza"]
[Black "Biessner, Eberhard"]
[Result "0-1"]
[WhiteElo "1455"]
[BlackElo "1746"]
[PlyCount "104"]
[EventDate "2012.01.11"]
[EventType "swiss"]
[EventRounds "7"]
[EventCountry "GER"]
[SourceTitle "EXT 2014"]
[Source "ChessBase"]
[SourceDate "2013.11.20"]
[SourceVersion "1"]
[SourceVersionDate "2013.11.20"]
[SourceQuality "1"]

1. e4 Nf6 2. Nc3 d5 3. exd5 Nxd5 4. Nxd5 Qxd5 5. Nf3 Bg4 6. Be2 Nc6 7. 0-0 e5 8. d3 Bc5 9. c4 Qd7 10. a3 a5 11. Be3 Be7 12. Rc1 0-0 13. Qc2 Bf5 14. Bg5 f6 15. Bh4 Bc5 16. Rfd1 Rfd8 17. Bg3 g5 18. h3 h5 19. Qd2 Qg7 20. Qe1 g4 21. hxg4 hxg4 22. Nh4 Be6 23. Bf1 Bd4 24. b4 Bb2 25. Rb1 Bxa3 26. b5 Nd4 27. Qe4 b6 28. Be2 Bd6 29. Rf1 Re8 30. Qe3 f5 31. Bh2 f4 32. Qe4 Qg5 33. g3 f3 34. Bd1 Bf5 35. Qe3 Qf6 36. Kh1 Kg7 37. Rg1 e4 38. dxe4 Rxe4 39. Qc3 Be5 40. Qc1 Ne2 41. Bxe2 Rxe2 42. Nxf5+ Qxf5 43. Qf1 Bd4 44. Re1 Rae8 45. Rd1 Bxf2 46. Rd5 R2e5 47. Qa1 Bxg1 48. Rxe5 Qxe5 49. Qxe5+ Rxe5 50. Bxg1 Re1 51. Kh2 Rxg1 52. Kxg1 a4 0-1

[Event "Cologne Ford op 17th"]
[Site "Cologne"]
[Date "2011.05.30"]
[Round "7"]
[White "Azimi, Reza"]
[Black "Rey, Thorsten"]
[Result "1-0"]
[WhiteElo "1470"]
[BlackElo "1102"]
[PlyCount "137"]
[EventDate "2011.04.12"]
[EventType "swiss"]
[EventRounds "7"]
[EventCountry "GER"]
[SourceTitle "EXT 2012"]
[Source "ChessBase"]
[SourceDate "2011.11.24"]
[SourceVersion "1"]
[SourceVersionDate "2011.11.24"]
[SourceQuality "1"]

1. e4 e6 2. d4 d5 3. e5 c5 4. c3 Nc6 5. Nf3 cxd4 6. cxd4 Nh6 7. Bxh6 gxh6 8. Bd3 Qb6 9. Qd2 Bd7 10. Be2 Rc8 11. Nc3 a6 12. 0-0 Bg7 13. a3 Na5 14. b4 Nb3 15. Qb2 Nxa1 16. Rxa1 0-0 17. Bd3 f5 18. exf6 Bxf6 19. Ne5 Bxe5 20. dxe5 Rf7 21. Rf1 Qd4 22. Rd1 Qxc3 23. Qe2 Rcf8 24. Qe3 Qb3 25. Bxh7+ Kxh7 26. Qxb3 Rxf2 27. Qd3+ Kh8 28. h3 Bb5 29. Qe3 R2f4 30. Rd4 Rxd4 31. Qxd4 Rf1+ 32. Kh2 Kh7 33. Qh4 Rf7 34. g4 Kg7 35. g5 hxg5 36. Qxg5+ Kf8 37. h4 Be2 38. Qe3 Bg4 39. h5 Rh7 40. h6 Kf7 41. Qg5 Bf5 42. Kg3 d4 43. Kf2 d3 44. Ke3 b6 45. Kd4 d2 46. Qxd2 Kg6 47. Qg2+ Kxh6 48. Qc6 Kg5 49. Qxb6 Rd7+ 50. Kc5 Rd5+ 51. Kc6 Be4 52. Kc7 Rxe5 53. Qxa6 Kf5 54. a4 Bf3 55. Qf1 Kf4 56. Kd6 Re4 57. Qc1+ Kf5 58. Qc2 Kf4 59. Qb3 Rd4+ 60. Kxe6 Bd5+ 61. Qxd5 Re4+ 62. Qxe4+ Kxe4 63. Kd6 Kd4 64. Kc6 Kc4 65. b5 Kb4 66. b6 Ka5 67. Kc7 Kxa4 68. b7 Ka5 69. b8Q 1-0

[Event "Cologne Ford op 17th"]
[Site "Cologne"]
[Date "2011.05.09"]
[Round "4"]
[White "Behr, Ludwig"]
[Black "Azimi, Reza"]
[Result "1-0"]
[WhiteElo "1236"]
[BlackElo "1470"]
[PlyCount "111"]
[EventDate "2011.04.12"]
[EventType "swiss"]
[EventRounds "7"]
[EventCountry "GER"]
[SourceTitle "EXT 2012"]
[Source "ChessBase"]
[SourceDate "2011.11.24"]
[SourceVersion "1"]
[SourceVersionDate "2011.11.24"]
[SourceQuality "1"]

1. c4 c5 2. Nc3 e6 3. Nf3 d6 4. d4 cxd4 5. Nxd4 a6 6. e4 Bd7 7. g3 Qc7 8. b3 g6 9. Bg2 Bg7 10. 0-0 Nf6 11. Bg5 Qa5 12. Bd2 Qc5 13. Be3 Qc8 14. Qd2 0-0 15. Bh6 Nc6 16. Bxg7 Kxg7 17. Nxc6 Bxc6 18. Qxd6 Rd8 19. Qc5 Qc7 20. Rad1 b6 21. Qa3 Qb7 22. Rxd8 Rxd8 23. Re1 Rd3 24. Qb2 Qd7 25. e5 Ng4 26. Bxc6 Qxc6 27. Qe2 Nxe5 28. Qxe5+ Kg8 29. Ne4 Rf3 30. Nf6+ Kf8 31. Nxh7+ Ke7 32. Qg5+ Ke8 33. Rd1 Qc7 34. Nf6+ Kf8 35. Qh6+ Ke7 36. Ng8+ Ke8 37. Qh8 Rf5 38. Nh6+ Ke7 39. Nxf5+ gxf5 40. Qh4+ Ke8 41. Qf6 b5 42. cxb5 axb5 43. Qd4 e5 44. Qd5 f6 45. Qxb5+ Kf8 46. Qd5 Qc2 47. Qd6+ Kg7 48. Qd7+ Kg6 49. Qe8+ Kg5 50. Qg8+ Kh5 51. Qh7+ Kg4 52. Qh4+ Kf3 53. Qh5+ Ke4 54. Re1+ Kd5 55. Qd1+ Qxd1 56. Rxd1+ 1-0

[Event "Leverkusen Bayer op 9th"]
[Site "Leverkusen"]
[Date "2011.01.24"]
[Round "2"]
[White "Vranidis, Athanassios"]
[Black "Azimi, Reza"]
[Result "0-1"]
[WhiteElo "1750"]
[BlackElo "2064"]
[PlyCount "100"]
[EventDate "2011.01.10"]
[EventType "swiss"]
[EventRounds "7"]
[EventCountry "GER"]
[SourceTitle "EXT 2012"]
[Source "ChessBase"]
[SourceDate "2011.11.24"]
[SourceVersion "1"]
[SourceVersionDate "2011.11.24"]
[SourceQuality "1"]

1. d4 d5 2. c4 e6 3. Nc3 c6 4. cxd5 cxd5 5. Nf3 Nc6 6. Bf4 a6 7. e3 Nf6 8. a3 g6 9. Bd3 Bg7 10. 0-0 0-0 11. Re1 Nh5 12. Bg3 Nxg3 13. hxg3 Bd7 14. Rc1 Rc8 15. b4 b5 16. Qb3 Qe7 17. Rc2 Bf6 18. Rec1 h5 19. Ne2 g5 20. Rc5 Kg7 21. Qb2 Qd6 22. a4 Na7 23. axb5 axb5 24. Qa3 Ra8 25. Qc3 Rac8 26. Rc7 Nc6 27. Rxc8 Rxc8 28. Qc5 Qc7 29. Bxb5 Be7 30. Qc2 Qb6 31. Qa4 Rc7 32. Qa6 Qxa6 33. Bxa6 Bxb4 34. Ne5 Be8 35. Bb5 Ba3 36. Rc3 Bb4 37. Rb3 Bd6 38. Nxc6 Bxc6 39. Bxc6 Rxc6 40. Rc3 Ra6 41. f4 f6 42. Kf2 Kg6 43. Rc8 Ra1 44. Rc6 Bb4 45. Rc1 Ra2 46. Rc8 Bd2 47. fxg5 fxg5 48. Rg8+ Kf5 49. Rf8+ Ke4 50. Rh8 Bxe3+ 0-1

[Event "Leverkusen-ch op"]
[Site "Leverkusen"]
[Date "2009.03.02"]
[Round "4"]
[White "Azimi, Reza"]
[Black "Wirtz, Uwe"]
[Result "0-1"]
[WhiteElo "1437"]
[BlackElo "1773"]
[PlyCount "94"]
[EventDate "2009.01.12"]
[EventType "swiss"]
[EventRounds "7"]
[EventCountry "GER"]
[SourceTitle "EXT 2010"]
[Source "ChessBase"]
[SourceDate "2010.11.25"]
[SourceVersion "1"]
[SourceVersionDate "2010.11.25"]
[SourceQuality "1"]

1. e4 Nf6 2. e5 Nd5 3. Bc4 e6 4. d4 d6 5. Nf3 Nc6 6. c3 Nb6 7. Bd3 Be7 8. Be3 0-0 9. Qc2 h6 10. Nbd2 Nd5 11. Nf1 dxe5 12. dxe5 a6 13. 0-0-0 Qe8 14. h4 b5 15. g4 b4 16. c4 Nxe3 17. Nxe3 Bb7 18. Be4 Bc5 19. g5 h5 20. g6 Rb8 21. gxf7+ Qxf7 22. Rhf1 b3 23. axb3 Nb4 24. Ng5 Nxc2 25. Nxf7 Nxe3 26. Ng5 Nxf1 27. Bxb7 Rxf2 28. Bxa6 Ra8 29. Kb1 Nd2+ 30. Rxd2 Rxd2 31. Ne4 Bb4 32. Nxd2 Bxd2 33. Bb5 Bb4 34. Bd7 Kf7 35. Kc2 Ra5 36. Bb5 Ra1 37. Kd3 Rh1 38. Bc6 Rxh4 39. Be4 Rh3+ 40. Kc2 Re3 41. Bc6 Rxe5 42. Kd3 Kf6 43. Kd4 g5 44. Be8 h4 45. Bh5 Kf5 46. Bg4+ Kf4 47. Bh3 c5+ 0-1